Vybrané metody statistické analýzy dat
Na minha lista:
| Autor principal: | |
|---|---|
| Outros Autores: | |
| Formato: | Livro |
| Idioma: | tcheco |
| Publicado em: |
Praha
Academia vyd. ČSAV
1992
|
| Edição: | 1. vyd. |
| Assuntos: | |
| Tags: |
Sem tags, seja o primeiro a adicionar uma tag!
|
MARC
| LEADER | 00000nam a2200000 4500 | ||
|---|---|---|---|
| 001 | c006078 | ||
| 005 | 20230223122145.0 | ||
| 020 | |a 80-200-0204-9 | ||
| 041 | 0 | |a cze | |
| 044 | |a CZ | ||
| 245 | 1 | 0 | |a Vybrané metody statistické analýzy dat |c Jaromír Antoch, Dana Vorlíčková |
| 250 | |a 1. vyd. | ||
| 264 | 1 | |a Praha |b Academia vyd. ČSAV |c 1992 | |
| 300 | |a 279 s. | ||
| 610 | 2 | 0 | |a štatistika matematická |
| 610 | 2 | 0 | |a pravdepodobnosť |
| 610 | 2 | 0 | |a metódy matematicko-štatistické |
| 610 | 2 | 0 | |a analýza štatistická |
| 610 | 2 | 0 | |a modely štatistické |
| 100 | 1 | |a Antoch, Jaromír | |
| 700 | 1 | |a Vorlíčková, Dana | |